Vista normal
Vista MARC
Entrada Topical Term
Número de registros utilizados en: 2
001 - CONTROL NUMBER
- control field: 39703
003 - CONTROL NUMBER IDENTIFIER
- control field: OSt
005 - DATE AND TIME OF LATEST TRANSACTION
- control field: 20210825155344.0
008 - FIXED-LENGTH DATA ELEMENTS
- fixed length control field: 210825|| aca||aabn | a|a d
040 ## - CATALOGING SOURCE
- Original cataloging agency: OSt
- Transcribing agency: OSt
150 ## - HEADING--TOPICAL TERM
- Topical term or geographic name entry element: Valor (Economía)
670 ## - SOURCE DATA FOUND
- Source citation: Work cat.: (OSt)12279: Debreu, Gerard, 1921-2004 autor 39702, Teoría del valor : , 1973